[Event "Vienna op 16th"]
[Site "Vienna"]
[Date "2009.08.17"]
[Round "3"]
[White "Kienitz, Andre"]
[Black "Druckenthaner, Andreas"]
[Result "1/2-1/2"]
[WhiteElo "2151"]
[BlackElo "2278"]
[PlyCount "84"]
[EventDate "2009.08.15"]
[EventType "swiss"]
[EventRounds "9"]
[EventCountry "AUT"]
[SourceTitle "CBM 131 Extra"]
[Source "ChessBase"]
[SourceDate "2009.09.03"]
[SourceVersion "2"]
[SourceVersionDate "2009.09.16"]
[SourceQuality "1"]

1. e4 e5 2. Nf3 Nc6 3. Bb5 a6 4. Ba4 d6 5. Bxc6+ bxc6 6. d4 exd4 7. Nxd4 Bb7 8. Nc3 g6 9. 0-0 Bg7 10. Qd3 Ne7 11. Bg5 h6 12. Bf4 0-0 13. Rfe1 c5 14. Nf3 Nc6 15. h3 Re8 16. a3 Nd4 17. Nxd4 Bxd4 18. Nd5 Bxd5 19. exd5 Bxb2 20. Rxe8+ Qxe8 21. Rb1 Bg7 22. Qe3 g5 23. Bh2 Qxe3 24. fxe3 Re8 25. Kf2 Be5 26. Bxe5 Rxe5 27. c4 Re4 28. Rb7 Rxc4 29. Rxc7 Rc2+ 30. Kf3 Rd2 31. e4 h5 32. Rd7 f5 33. Rxd6 Rd3+ 34. Ke2 fxe4 35. Rxa6 Rxd5 36. Ke3 Rd3+ 37. Kxe4 Rg3 38. Rc6 Rxg2 39. Rxc5 Rg3 40. a4 g4 41. Rg5+ Kf7 42. hxg4 hxg4 1/2-1/2

[Event "Goch op 17th"]
[Site "Goch"]
[Date "2006.10.15"]
[Round "7"]
[White "Kienitz, Andre"]
[Black "Krebel, Christoph"]
[Result "1-0"]
[WhiteElo "2180"]
[BlackElo "2100"]
[PlyCount "75"]
[EventDate "2006.10.12"]
[EventType "swiss"]
[EventRounds "7"]
[EventCountry "GER"]
[SourceTitle "EXT 2008"]
[Source "ChessBase"]
[SourceDate "2007.11.25"]
[SourceVersion "1"]
[SourceVersionDate "2007.11.25"]
[SourceQuality "1"]

1. c4 c6 2. g3 d5 3. Bg2 Nf6 4. Nf3 Bg4 5. Ne5 Be6 6. cxd5 Bxd5 7. Nf3 c5 8. Nc3 Bc6 9. 0-0 e6 10. d4 Nbd7 11. Be3 Be7 12. h3 0-0 13. Rc1 Rc8 14. Qc2 cxd4 15. Bxd4 Qa5 16. Qb1 a6 17. Nd2 Bxg2 18. Kxg2 Rfd8 19. e4 Nb8 20. Be3 Nc6 21. Nf3 Rd7 22. Rfd1 Rcd8 23. Rxd7 Rxd7 24. Rd1 Qd8 25. Rxd7 Qxd7 26. a3 b5 27. Ne2 e5 28. Qc2 h6 29. Bd2 Bd8 30. Bc3 Bc7 31. Nc1 Ne8 32. Nd3 f6 33. Nc5 Qc8 34. Qb3+ Kh7 35. Qd5 Na5 36. Nh4 Bb6 37. Nd7 Nc4 38. Nf8+ 1-0